Từ điển danh ngôn thế giới /

Gardado en:
Detalles Bibliográficos
Autor Principal: Bằng Giang.
Outros autores: Xuân Tước.
Formato: Libro
Idioma:Vietnamese
Publicado: Hà Nội : Văn học, 1999.
Những chủ đề:
Các nhãn: Engadir etiqueta
Sen Etiquetas, Sexa o primeiro en etiquetar este rexistro!
Thư viện lưu trữ: Mạng thư viện Đại học Đà Nẵng
LEADER 00876cam a2200349 a 4500
001 000043204
003 1079
005 20060801110735.0
008 010217b1999 vm 000 vie
020 |c 60000 
022 |a T 
040 |a IRC  |c IRC  |d IRC 
041 0 |a vie 
082 1 4 |a 808.882  |b BĂ-G 
100 1 |a Bằng Giang. 
245 0 0 |a Từ điển danh ngôn thế giới /  |c Bằng Giang, Xuân Tước. 
260 |a Hà Nội :  |b Văn học,  |c 1999. 
300 |a 637tr. ;  |c 20,5cm. 
630 0 4 |a Từ điển. 
630 0 4 |a Danh ngôn. 
650 0 4 |a Danh ngôn thế giới  |v Từ điển. 
700 1 |a Xuân Tước. 
OWN |a DUT 
999 |a From the UDN01 
TYP |a Monograph 
TYP |a Printed language 
980 |a Mạng thư viện Đại học Đà Nẵng